Normal view
MARC view
Entry Personal Name
001 - CONTROL NUMBER
- control field: 1136299
003 - CONTROL NUMBER IDENTIFIER
- control field: OSt
005 - DATE AND TIME OF LATEST TRANSACTION
- control field: 20260320201920.0
008 - FIXED-LENGTH DATA ELEMENTS
- fixed length control field: 260320|| aca||aabn | a|a d
040 ## - CATALOGING SOURCE
- Original cataloging agency: OSt
- Transcribing agency: OSt
100 ## - HEADING--PERSONAL NAME
- Personal name: Kranjac
670 ## - SOURCE DATA FOUND
- Source citation: Work cat.: (OSt)1724260: Kranjac, Microsoft 365 Security and Compliance for Administrators: A definitive guide to planning, implementing, and maintaining Microsoft 365 security posture
